Marketing And Salesmanship (Record no. 32267)

MARC details
000 -LEADER
fixed length control field 00406nam a2200169Ia 4500
008 - FIXED-LENGTH DATA ELEMENTS--GENERAL INFORMATION
fixed length control field 220531s9999 xx 000 0 und d
041 ## - LANGUAGE CODE
Language code of text/sound track or separate title eng
082 ## - DEWEY DECIMAL CLASSIFICATION NUMBER
Item number BOO
100 ## - MAIN ENTRY--PERSONAL NAME
Personal name Bootwala, Shaila.
9 (RLIN) 55926
245 ## - TITLE STATEMENT
Title Marketing And Salesmanship
260 ## - PUBLICATION, DISTRIBUTION, ETC. (IMPRINT)
Place of publication, distribution, etc. Pune
Name of publisher, distributor, etc. Nirali
Date of publication, distribution, etc. 2008
300 ## - PHYSICAL DESCRIPTION
Extent P.3
542 ## - INFORMATION RELATING TO COPYRIGHT STATUS
Copyright holder 27-09-2010
650 ## - SUBJECT ADDED ENTRY--TOPICAL TERM
Topical term or geographic name as entry element Marketing
9 (RLIN) 55927
906 ## - LOCAL DATA ELEMENT F, LDF (RLIN)
d 2010-2011
Holdings
Withdrawn status Lost status Source of classification or shelving scheme Damaged status Not for loan Collection code Home library Current library Date acquired Vendor Cost, normal purchase price Total Checkouts Total Holds Full call number Barcode Date last seen Bill Date Koha item type Original Barcode
Withdrawn   Dewey Decimal Classification       Shri Siddhivinayak Mahila Mahavidyalaya Shri Siddhivinayak Mahila Mahavidyalaya 27/09/2010 Nirali 145.00   5 /BOO/B/13267 SSMM-BK-13267 06/08/2022 06/08/2022 Books 010013267